Every Map on ARK: Survival Evolved (With Pictures) - Statistics

General Stats
  • This quiz has been taken 2,288 times
  • The average score is 11 of 12
Answer Stats
Picture Hint Answer % Correct
Offical ARK The Island
99%
Non-Canon (Free-DLC) Fjordur
94%
Other (Paid DLC) Genesis: Part 1
94%
Other (Paid DLC) Genesis: Part 2
94%
Official ARK (Paid DLC) Aberration
93%
Non-Canon (Free-DLC) Ragnarok
93%
Official ARK (Paid DLC) Scorched Earth
92%
Non-Canon (Free-DLC) The Center
91%
Official ARK (Paid DLC) Extinction
88%
Non-Canon (Free-DLC) Valguero
87%
Non-Canon (Free-DLC) Crystal Isles
82%
Non-Canon (Free-DLC) Lost Island
82%
No matching quizzes found
Score Distribution
Percent of People with Each Score
Percentile by Number Answered
Your Score History
You have not taken this quiz